| 000 | 03610nam a2200325Ia 4500 | ||
|---|---|---|---|
| 003 | OSt | ||
| 005 | 20210812121437.0 | ||
| 008 | 210310t2012 mx ad fq 001 0dspa d | ||
| 020 | _a9789681866334 | ||
| 040 |
_aCO-JMCR _cCO-JMCR |
||
| 041 | 0 | _aspa | |
| 082 | 0 | 4 |
_a332.632 / _bL318p _223 |
| 100 | 1 |
_aLara Haro, Alfonso de, _916924 _eautor |
|
| 245 | 1 | 0 |
_aProductos derivados financieros : _binstrumentos, valuación y cobertura de riesgos / _cAlfonso de Lara |
| 260 |
_aMéxico : _bEditorial Limusa, _c©2012 |
||
| 300 |
_a185 páginas : _bilustraciones y gráficas a blanco y negro ; _c23 cm. |
||
| 490 | 0 | _aContabilidad y Finanzas | |
| 500 | _aIncluye índice temático y notas a pie de página. | ||
| 504 | _aBibliografía: páginas 177-179 | ||
| 505 | 0 | _aIntroducción a los productos derivados -- Los productos derivados en México -- Contratos de futuros del dólar de Estados Unidos de América -- Futuros del IPC y acciones -- Futuros de tasas de interés -- Opciones financieras -- Estrategias con opciones -- Metodología de márgenes en opciones listadas en Mexder -- Swaps -- Consideraciones contables y fiscales de los derivados en México | |
| 520 | 3 | _aEl mercado de productos derivados ha registrado un crecimiento muy importante en nuestro país y en el ámbito internacional en los últimos años. Productos derivados financieros es un esfuerzo para difundir los principales conceptos de estos instrumentos operados en México desde un punto de vista pragmático de tal suerte que los conceptos puedan ser entendidos por ejecutivos o estudiantes no expertos en la materia. Este libro tiene las siguientes características: Explicaciones accesibles de la arquitectura de los mercados de derivados y de sus instrumentos financieros básicas futuros, opciones y swaps, así como de sus aplicaciones, acompañadas de conceptos matemáticos básicos. Ejemplos numéricos y aplicaciones en la valuación y en la mecánica de cobertura de riesgos, que facilitan la comprensión de los temas. Tratamiento contable y fiscal de los instrumentos derivados en nuestro país. En sus diferentes capítulos se pretende contestar las siguientes preguntas: ¿Qué son los instrumentos derivados? ¿Para que sirven los productos derivados? ¿Cuál es la mecánica de cobertura con derivados? ¿Cómo se determina el valor razonable de estos instrumentos? ¿Cómo opera el mercado organizado (MexDer) y cuál es su relación con la cámara de compensación (Asigna)? ¿Cuál es el mercado extra-bursátil de los derivados (OTC)? ¿Cómo se contabilizan los derivados? El libro contribuye a formar la cultura financiera de los mexicanos y será de gran utilidad para los empresarios que deseen cubrir sus riesgos de variación en las tasas de interés tipos de cambio e índices bursátiles, de conformidad con los tiempos actuales en los que la incertidumbre en el comportamiento de estas variables hace difícil su predicción. Productos derivados financieros es un libro introductorio escrita en un lenguaje sencillo que sin embargo, profundiza en los aspectos más importantes del mercado de productos derivados y constituye un manual de consulta y de referencia para aquellos interesados en este campo. | |
| 650 | 1 | 4 |
_aRiesgo (Finanzas) _916926 |
| 650 | 2 | 4 |
_aRiesgo (Finanzas) _xMétodos estadísticos _939325 |
| 650 | 2 | 4 |
_aAnálisis de inversiones _912628 |
| 650 | 2 | 4 |
_aRiesgo (Finanzas) _xModelos matemáticos _939326 |
| 650 | 2 | 4 |
_aDerivados financieros _xModelos matemáticos _939327 |
| 650 | 2 | 4 |
_aFuturo (Finanzas) _939328 |
| 650 | 2 | 4 |
_aMercado de futuros _939329 |
| 942 |
_2ddc _cBK |
||
| 999 |
_c8316 _d8316 |
||